LEADER 01282nam0 2200313 450 001 000028680 005 20120223151508.0 010 $a978-88-324-6261-6 100 $a20120223d2007----km-y0itay50------ba 101 0 $aita 102 $aIT 105 $ay-------001yy 200 1 $a<>approccio integrato al sistema della comunicazine delle performance sanitarie$estimoli a revisioni contabili nell'ottica della devolution sanitaria$fFabio Serini 210 $aMilano$cIl sole 24 ore$dc2007 215 $aXVII, 359 p.$d24 cm 225 2 $a<>libri de Il Sole 24 ore$eSanità 410 0$12001$a<>libri de Il Sole 24 ore. Sanità 500 10$a<>approccio integrato al sistema della comunicazine delle performance sanitarie$941195 610 1 $aAZIENDE OSPEDALIERE 610 1 $aAZIENDE SANITARIE LOCALI 610 1 $aBILANCI AZIENDALI E SOCIETARI 610 1 $aCONTABILITA' AZIENDALE 676 $a362.1068$v22$9Problemi e servizi di assistenza sociale. Malattie fisiche. Gestione 700 1$aSerini,$bFabio$0425454 801 0$aIT$bUNIPARTHENOPE$c20120223$gRICA$2UNIMARC 912 $a000028680 951 $a362-A/7$b43281$cNAVA1$d2012 996 $aApproccio integrato al sistema della comunicazine delle performance sanitarie$941195 997 $aUNIPARTHENOPE LEADER 01110nam0 22003013i 450 001 SUN0099711 005 20141105113425.456 010 $d0.00 020 $aIT$b71-4850 100 $a20141105d1970 |0itac50 ba 101 $aita 102 $aIT 105 $a|||| ||||| 200 1 $aLineamenti di economia bancaria$fGiovanni Castellino 205 $a2. ed 210 $aTorino$cGiappichelli$d1970 215 $aVII, 262 p.$d24 cm. - Fondo Tribunale di Napoli. 606 $aBanche$xEconomia$2SG$3SUNC030251 620 $dTorino$3SUNL000001 676 $a332$cEconomia finanziaria$v21 700 1$aCastellino$b, Giovanni$3SUNV078264$0108669 712 $aGiappichelli$3SUNV000045$4650 801 $aIT$bSOL$c20181109$gRICA 912 $aSUN0099711 950 $aUFFICIO DI BIBLIOTECA DEL DIPARTIMENTO DI GIURISPRUDENZA$d00 CONS FTA.533 $e00 FTN7454 995 $aUFFICIO DI BIBLIOTECA DEL DIPARTIMENTO DI GIURISPRUDENZA$gFTN$h7454$kCONS FTA.533$op$qa 996 $aLineamenti di economia bancaria$9197206 997 $aUNICAMPANIA